Nomination : Elizabeth Jane Kuck of Illinois (Equal Employment Opportunity Commission): hearings before the United States Senate Committee on Labor and Public Welfare, Ninetieth Congress, second session, on Jan. 25, 1968.

Bibliographic Details
Corporate Authors: United States. Congress. Senate. Committee on Labor and Public Welfare, ProQuest (Firm)
Format: Government Document eBook
Language:English
Published: Washington : U.S. G.P.O., 1968.
Series:U.S. Congressional Hearings.
Subjects:
Online Access:Connect to the full text of this electronic book

MARC

Tag First Indicator Second Indicator Subfields
LEADER 00000cam a22000001a 4500
001 in00003196721
005 20190404173403.0
006 m d f
007 cr bn mmmapmmp
008 090623s1968 dcu o f000 0 eng d
035 |a cis2007434025 
040 |a UMI  |c UMI  |d UtOrBLW 
043 |a n-us--- 
086 0 |a Y 4.L 11/2:N 72/5/968 
099 |a HRG-1968-LPW-0003 
110 1 |a United States.  |b Congress.  |b Senate.  |b Committee on Labor and Public Welfare. 
245 1 0 |a Nomination :  |b Elizabeth Jane Kuck of Illinois (Equal Employment Opportunity Commission): hearings before the United States Senate Committee on Labor and Public Welfare, Ninetieth Congress, second session, on Jan. 25, 1968. 
264 1 |a Washington :  |b U.S. G.P.O.,  |c 1968. 
300 |a 1 online resource. 
336 |a text  |b txt  |2 rdacontent 
337 |a computer  |b c  |2 rdamedia 
338 |a online resource  |b cr  |2 rdacarrier 
500 |a Record is based on bibliographic data in ProQuest Congressional Hearings Digital Collection. Reuse except for individual research requires license from ProQuest, LLC. 
538 |a System requirements: PDF reader software. 
500 |a Electronic resource. 
600 1 0 |a Kuck, Elizabeth J. 
610 1 0 |a United States.  |b Equal Employment Opportunity Commission  |x Officials and employees. 
655 7 |a Electronic books.  |2 local 
710 2 |a ProQuest (Firm) 
776 0 8 |i Print version:  |a United States. Congress. Senate. Committee on Labor and Public Welfare.  |t Nomination 
776 0 8 |i Microfiche version:  |a United States. Congress. Senate. Committee on Labor and Public Welfare.  |t Nomination.  |d [Bethesda, Md.] : ProQuest,[2004]  |o CIS Hrgs MF Gp 3--(90) S1873-1  |w (ProQuest)cis10803620 
830 0 |a U.S. Congressional Hearings. 
856 4 0 |u http://proxy.library.tamu.edu/login?url=http://congressional.proquest.com/congcomp/getdoc?HEARING-ID=HRG-1968-LPW-0003  |z Connect to the full text of this electronic book  |t 0 
998 |a cis10803620 
999 |a MARS 
999 f f |s 97eb472c-3589-3d0a-bd35-794bcf4ea508  |i fadec2e0-4366-3131-904d-7aae4d9595a7  |t 0 
952 f f |a Texas A&M University  |b College Station  |c Electronic Resources  |d Available Online  |t 0  |e HRG-1968-LPW-0003  |h Other scheme 
998 f f |a HRG-1968-LPW-0003  |t 0  |l Available Online